000 00672nam a2200205 4500
001 120077
003 ES-MaACL
005 20230906191448.0
007 t|
008 070214s1952 sp r ||||1| spa d
100 1 _aPérez de Urbel, Justo.
_990812
245 1 0 _aPanegíricos sagrados /
_cFray Justo Pérez de Urbel ; edición preparada por Agustín Ruiz Gutiérrez.
260 _aMadrid :
_bBruno del Amo,
_c1952.
300 _a171 p. ;
_c16 cm.
490 1 _aLa predicación contemporánea
700 1 _aRuiz Gutiérrez, Agustín.
_9100829
830 0 _aLa predicación contemporánea
_9182528
852 _aES-MaACL
_jD-8302
_bR.32600
999 _c120077
_d120077